Регионална библиотека "Любен Каравелов" - Русе

За характера на собствената материално-техническа база на зрелия социализъм - проблеми и подходи на нейното изграждане в България (Запис номер 185236)

MARC детайли
000 -Лидер
Контролно поле с фиксирана дължина 02043nam a2200337 c 4500
003 - Код на организацията, давaща контролен номер
Контролно поле BLK
005 - Дата и час на последна редакция
Контролно поле 20240405005357.0
008 - Елементи от данни с фиксирана дължина
fixed length control field 180411b bul|||||r ||||||| ||bul||
010 ## - Наследен системен номер
LC control number KNG00194229000
040 ## - Източник на каталожния запис
Идентификатор на билиотеката - собственик на записа BLK
041 ## - Код за език
Код за езика на текст/звукозапис или на отделно заглавие Български
Код за езика КДБФ Български
080 ## - УДК
Текстов определител УДК Икономически науки в цялост. Политическа икономия. Вж и 338 ; 65
УДК код - определител по УДК 330
УДК определител
УДК - код + определител 330
080 ## - УДК
Текстов определител УДК Икономическо положение. Икономическа политика. Управление. Планиране. Производство. Услуги. Цени
УДК код - определител по УДК 338
УДК определител (497.2)
УДК - код + определител 338(497.2)
100 ## - Редна дума - Автор
Автор Живков, Тодор Христов
Дати, свързани с автора 1911 - 1998
Автор - информация (биография) Български политик, БКП. Първи секретар и генерален секретар на ЦК на БКП, председател на Министерския съвет и председател на Държавния съвет на НРБ
R(LIN) 365041
139 ## - Редно поле
Редна дума Живков, Тодор Христов
Авторски знак Живк - Ж 48
245 10 - Сведения за заглавието
Заглавие За характера на собствената материално-техническа база на зрелия социализъм - проблеми и подходи на нейното изграждане в България
Подзаглавни данни Лекция първа от цикъла лекции, изнесени пред слушателите и преподавателите в АОНСУ при ЦК на БКП
Редно поле (дума) Тодор Христов Живков.
257 ## - Страна на издаване
Страна на създаване/издаване България
260 ## - Област на издателските данни
-- София
Име на издателя, разпространителя и проч. Партиздат
Година на издаване 1983
300 ## - Физическа характеристика
Страници 63 с.
Размери/Мащаб 20 см
380 ## - Жанр
Жанр Обществени науки
650 #4 - Допълнително описание по предмет – тема
Основно описание – тема или топоним Социализъм - материално-техническа база
9 (RLIN) 317891
653 ## - Ключова дума – ненормативна
Ключова дума материално-техническа база
653 ## - Ключова дума – ненормативна
Ключова дума социализъм
653 ## - Ключова дума – ненормативна
Ключова дума лекции
852 ## - Местоположение
Форматна сигнатура Цб 121907
856 4# - Електронен адрес и достъп
Електронен формат pdf - файл
Път до файла /url/
856 4# - Електронен адрес и достъп
Електронен формат pdf - файл
Път до файла /url/
942 ## - АРТИКУЛИ
Вид на библиотечния материал Книги
Скрит в OPAC Не
944 ## - СЪЗДАВАНЕ И РЕДАКЦИЯ на ЗАПИСА
Създаване/Редакция Създаване
Дата на регистрацията/редакция 21.10.2016
Служител, извършил регистрацията/редакцията
Статус, дата на статуса CRON CRON
944 ## - СЪЗДАВАНЕ И РЕДАКЦИЯ на ЗАПИСА
Създаване/Редакция Редакция
Дата на регистрацията/редакция 21.10.2016
Служител, извършил регистрацията/редакцията Христина_Везирева
999 ## - СИСТЕМНИ КОНТРОЛНИ НОМЕРА
Koha biblionumber 185236
Koha biblioitemnumber 185236
Наличности
Код за отписване Код за изгубен артикул Източник на класификационната схема Код за повреда Коз за рестрикции Код за отдаване Артикулен № Име на библиотеката - собственик Име на библиотеката, в която се намира в момента Статус (Текущо местоположение) Дата на вписване в системата Местоположение - отдел Цена в лева Инвентарен номер Систематично азбучна сигнатура Баркод Номер на екземпляра Цена в евро Служебна бележка Служебен тип на артикула
  Не е изгубен Universal Decimal Classification Не е повреден без рестрикции ползва се в читалня 320738 Регионална библиотека "Любен Каравелов" Русе Регионална библиотека "Любен Каравелов" Русе Хранилище 1983-10-01 Хранилище 0.20 379463 Цб 121907 120000379463 1 0.10 Вид: Сф N: стар фонд Дата: 01.10.1983 Книги
Изтеглен Не е изгубен Universal Decimal Classification Не е повреден без рестрикции заемане за дома 320739 Регионална библиотека "Любен Каравелов" Русе Регионална библиотека "Любен Каравелов" Русе Заемна - подръчен фонд 1983-01-01 Заемна - подръчен фонд 0.20 379364 П 330/Ж 48 379364 2 0.10 Вид: Сф N: стар фонд Дата: 01.01.1983 Книги
Изтеглен Не е изгубен Universal Decimal Classification Не е повреден без рестрикции заемане за дома 320740 Регионална библиотека "Любен Каравелов" Русе Регионална библиотека "Любен Каравелов" Русе Заемна - подръчен фонд 1983-01-01 Заемна - подръчен фонд 0.20 379367 П 330/Ж 48 379367 3 0.10 Вид: Сф N: стар фонд Дата: 01.01.1983 Книги
Изтеглен Не е изгубен Universal Decimal Classification Не е повреден без рестрикции заемане за дома 320741 Регионална библиотека "Любен Каравелов" Русе Регионална библиотека "Любен Каравелов" Русе Заемна - подръчен фонд 1983-01-01 Заемна - подръчен фонд 0.20 379369 П 330/Ж 48 379369 4 0.10 Вид: Сф N: стар фонд Дата: 01.01.1983 Книги
Vip Innovations Ltd, Rousse, Bulgaria 2025